Statystyki dla miasta województwa lubelskiego

Kliknij tutaj aby rozwiązać quiz!

Ogólne statystyki

  • Ten quiz został rozwiązany 394 razy
    (37 od ostatniego zresetowania)
  • Średni wynik to 29 z 54

Statystyki odpowiedzi

Pierwsza literaMiasto% Poprawnych
BBiała Podlaska
96%
LLublin
96%
ZZamość
96%
CChełm
92%
AAnnopol
85%
LLubartów
85%
OOpole Lubelskie
85%
ŚŚwidnik
85%
BBiłgoraj
81%
HHrubieszów
81%
KKraśnik
81%
KKrasnystaw
81%
PPuławy
81%
WWłodawa
77%
ŁŁuków
73%
RRyki
73%
TTomaszów Lubelski
73%
JJanów Lubelski
69%
KKazimierz Dolny
69%
ŁŁęczna
69%
DDęblin
65%
PParczew
65%
ZZwierzyniec
62%
FFrampol
58%
RRadzyń Podlaski
58%
BBychawa
54%
GGoraj
54%
JJózefów
54%
NNałęczów
50%
BBełżyce
46%
KKock
46%
KKrasnobród
46%
PPoniatowa
46%
SSzczebrzeszyn
46%
MModliborzyce
42%
RRejowiec
42%
RRejowiec Fabryczny
42%
UUrzędów
42%
TTerespol
38%
IIzbica
35%
OOstrów Lubelski
31%
PPiaski
31%
JJózefów nad Wisłą
27%
MMiędzyrzec Podlaski
27%
SStoczek Łukowski
27%
TTarnogród
27%
KKamionka
23%
TTyszowce
23%
LLubycza Królewska
19%
TTurobin
19%
SSiedliszcze
15%
ŁŁaszczów
12%
CCzemierniki
8%
PPiszczac
4%

Rozkład punktacji

Percentyl według liczby udzielonych odpowiedzi

Procent ludzi z każdym wynikiem

Twoja historia wyników

Nie rozwiązałeś tego quizu od ostatniego zresetowania